Mapping and measuring media ownership and control: a critical note (Record no. 508997)

000 -LEADER
fixed length control field 00405nam a2200145 4500
008 - FIXED-LENGTH DATA ELEMENTS--GENERAL INFORMATION
fixed length control field 190417b ||||| |||| 00| 0 eng d
100 ## - MAIN ENTRY--PERSONAL NAME
Personal name Nair, Tara
245 ## - TITLE STATEMENT
Title Mapping and measuring media ownership and control: a critical note
260 ## - PUBLICATION, DISTRIBUTION, ETC. (IMPRINT)
Date of publication, distribution, etc 2018
300 ## - PHYSICAL DESCRIPTION
Extent p.63-65.
700 ## - ADDED ENTRY--PERSONAL NAME
Personal name Taneja, Harsh
9 (RLIN) 4563
773 ## - HOST ITEM ENTRY
Main entry heading Economic and Political Weekly
906 ## - LOCAL DATA ELEMENT F, LDF (RLIN)
Subject DIP Mass media
942 ## - ADDED ENTRY ELEMENTS (KOHA)
Source of classification or shelving scheme
Item type Articles
Holdings
Withdrawn status Lost status Source of classification or shelving scheme Damaged status Not for loan Permanent location Current location Date acquired Serial Enumeration / chronology Barcode Date last seen Koha item type
          Indian Institute of Public Administration Indian Institute of Public Administration 2019-04-17 53(45), 17 Nov, 2018: p.63-65. AR119422 2019-04-17 Articles

Powered by Koha